Statystyki dla Skoczkowie którzy wygrywali najwięcej konkursów pś w minionej dekadzie

Kliknij tutaj aby rozwiązać quiz!

Ogólne statystyki

  • Ten quiz został rozwiązany 21 razy
  • Średni wynik to 14 z 22

Statystyki odpowiedzi

PozycjaSkoczekLiczba Zwycięstw% Poprawnych
1.Kamil Stoch36
100%
5.Stefan Kraft21
95%
21.Dawid Kubacki4
90%
3.Peter Prevc23
90%
6.Ryoyu Kobayashi16
76%
15.Domen Prevc5
71%
2.Gregor Schlierenzauer27
71%
15.Michael Hayboeck5
71%
4.Severin Freund22
71%
11.Daniel Andre Tande7
67%
11.Karl Geiger7
67%
8.Thomas Morgenstern11
67%
7.Simon Ammann12
62%
13.Anders Bardal6
57%
10.Richard Freitag8
52%
9.Andreas Kofler10
48%
13.Robert Kranjec6
48%
15.Roman Koudelka5
48%
15.Halvor Egner Granerud5
43%
15.Anders Jacobsen5
38%
21.Anders Fannemel4
29%
15.Martin Koch5
29%

Rozkład punktacji

Percentyl według liczby udzielonych odpowiedzi

Procent ludzi z każdym wynikiem

Twoja historia wyników

Nie rozwiązałeś tego quizu